Typ pizzy. - Statystyki

Ogólne statystyki
  • Ten quiz został rozwiązany 14 razy
  • Średni wynik to 2 z 7
Statystyki odpowiedzi
Hint Odpowiedź % Poprawnych
1. Hawajska
67%
2. Margherita
42%
6. Pepperoni
33%
7. Neapolitańska
25%
3. Wiejska
17%
5. Farmerska
8%
4. Wegetariańska
8%
Nie znaleziono quizów pasujących do podanych kryteriów
Rozkład punktacji
Procent ludzi z każdym wynikiem
Percentyl według liczby udzielonych odpowiedzi
Twoja historia wyników
Nie rozwiązałeś tego quizu